000
00223nam a2200085Ia 4500
245
0
_a
Mairi's mermaid
100
_a
MORPURGO, Michael New York, 2006
_9
37952
942
_c
BK
008
210817s9999 xx 000 0 und d
999
_c
135415
_d
135414